00749cam a2200229 a 4500001000800000005001700008008004100025010001700066020002300083040003000106041000800136080001100144082001800155100000700173101000800180245009300188504005100281906004500332942001200377999001700389952011300406105463020180302033530.0900730s1991 nyua b 001 0 eng  a 90045035  a0471619949 (cloth) aDLCcDLCdDLCdOCoLCdDLC aeng a681.2 00a681.2 FIG2201 a27 aMEK10aTheory and design for mechanical measurements /cRichard S. Figliola, Donald E. Beasley. aIncludes bibliographical references and index. a7bcbccorignewd1eocipf19gy-gencatlg 2ddccBK c43921d43921 00102udc40708PËKGa002b002cPËKGd2018-03-02l0o681.2 FIGp002-3000776r2018-03-02w2018-03-02yBK